In God's time : (Record no. 5022)
[ view plain ]
| 000 -LEADER | |
|---|---|
| fixed length control field | 00701nam a22002172 4500 |
| 001 - CONTROL NUMBER | |
| control field | 0000000996 |
| 005 - DATE AND TIME OF LATEST TRANSACTION | |
| control field | 20151217151803.0 |
| 008 - FIXED-LENGTH DATA ELEMENTS--GENERAL INFORMATION | |
| fixed length control field | 070223s xx 000 0 eng d |
| 020 ## - INTERNATIONAL STANDARD BOOK NUMBER | |
| International Standard Book Number | 0802860907 : |
| Terms of availability | KES 950 |
| 040 ## - CATALOGING SOURCE | |
| Original cataloging agency | KABU |
| Transcribing agency | KABU |
| 050 #0 - LIBRARY OF CONGRESS CALL NUMBER | |
| Classification number | BT902 |
| Item number | .H55 2002 |
| 100 1# - MAIN ENTRY--PERSONAL NAME | |
| Personal name | Hill, Craig C., |
| Dates associated with a name | 1957-. |
| -- | 0000149468 |
| 245 10 - TITLE STATEMENT | |
| Title | In God's time : |
| Remainder of title | the Bible and the future / |
| Statement of responsibility, etc. | Craig C. Hill. |
| 260 ## - PUBLICATION, DISTRIBUTION, ETC. (IMPRINT) | |
| Place of publication, distribution, etc. | Grand Rapids, Michigan : |
| Name of publisher, distributor, etc. | William B. Eerdmans, |
| Date of publication, distribution, etc. | 2002. |
| 300 ## - PHYSICAL DESCRIPTION | |
| Extent | viii, 229 p. ; |
| Dimensions | 23 cm. |
| 504 ## - BIBLIOGRAPHY, ETC. NOTE | |
| Bibliography, etc | Includes bibliographical references and index. |
| 650 #0 - SUBJECT ADDED ENTRY--TOPICAL TERM | |
| Topical term or geographic name as entry element | Future life. |
| -- | 0000149469 |
| 908 ## - PUT COMMAND PARAMETER (RLIN) | |
| Put command parameter | 070223 |
| 950 ## - LOCAL HOLDINGS (RLIN) | |
| -- | 1 |
| Withdrawn status | Lost status | Source of classification or shelving scheme | Not for loan | Home library | Current library | Date acquired | Total Checkouts | Full call number | Barcode | Date last seen | Price effective from | Koha item type |
|---|---|---|---|---|---|---|---|---|---|---|---|---|
| Library of Congress Classification | Kabarak, Main Campus | Kabarak, Main Campus | 17/12/2015 | BT902 .H55 2002 | 000363 | 02/08/2024 | 17/12/2015 | General Collection |